Imaginando a Dios y un "mundo diferente" (Registro nro. 61077)
[ vista simple ]
| 000 -LÍDER | |
|---|---|
| Campo fijo de descripción fija | 01290aab a2200193 i 4500 |
| 001 - NÚMERO DE CONTROL | |
| Campo de control | 768714001 |
| 003 - IDENTIFICADOR DEL NÚMERO DE CONTROL | |
| Campo de control | CO-MdFUSB |
| 005 - FECHA Y HORA DE LA ULTIMA TRANSACCIÓN | |
| control field | 20221025160617.0 |
| 008 - ELEMENTOS DE LONGITUD FIJA -- INFORMACIÓN GENERAL | |
| Campo fijo de descripción fija -- Información general | 221025s2004 sp ||||| |||| 00| 0 spa d |
| 040 ## - FUENTE DE CATALOGACIÓN | |
| Idioma de catalogación | spa |
| Agencia que realiza la transcripción | CO-MdFUSB |
| Agencia que realiza la modificación | CO-MdFUSB |
| 041 ## - CÓDIGO DE IDIOMA | |
| Código de idioma para texto/pista de sonido o título separado | spa |
| 100 1# - ASIENTO PRINCIPAL--NOMBRE PERSONAL | |
| Nombre personal | McFague, Sallie |
| Término relacionador | autor |
| 245 10 - TÍTULO | |
| Título | Imaginando a Dios y un "mundo diferente" |
| Mención de responsabilidad | / Sallie McFague |
| 300 ## - DESCRIPCIÓN FÍSICA | |
| Extensión | Número 308, (Noviembre, 2004), Páginas 47-58 |
| Dimensiones | ; 21 cm |
| 520 ## - NOTA DE RESUMEN, ETC. | |
| Nota de sumario, etc. | Cuando despertamos al misterio que nos rodea, a su belleza y su violencia, nos preguntamos por qué estamos aqui. "Pareciera como si se nos hubiera dejado precisamente aquí... y nadie sabe el porqué". Y así es. La mayoría de las religiones tratan de sugerir respuestas a esta pregunta, que es terrible mente difícil. Una cuestión más inmediata, en cierto modo más fácil, es la siguiente ¿Dónde estamos? como Annie Dillard sugiere, "nuestra intención originaria", tal como prueba el interés de un niño que se sorprende por todo, es "explorar las cercanías... descubrir dónde está la razón por la que hemos sido llamativamente dejados, aún cunado no podamos saber el porqué" |
| 650 #7 - ASIENTO SECUNDARIO DE MATERIA - TERMINO TEMÁTICO | |
| 9 (RLIN) | 251 |
| Término temático o nombre geográfico como elemento de entrada | Creación |
| 773 0# - ASIENTO DE ITEM FUENTE | |
| Título | Concilium |
| Biblionumber | 49450 |
| Itemnumber | 60407 |
| Parte(s) relacionada(s) / Volumen., número. (mes año), páginas | Número 308, (Noviembre, 2004), Páginas 47-58 |
| Enumeración y primera página | Páginas 47 |
| 942 ## - TIPO DE MATERIAL (KOHA) | |
| Tipo de Item KOHA | Artículos de Revista |
No hay ítems disponibles.
